<?xml version="1.0" encoding="UTF-8"?>
<record
    xmlns:xsi="http://www.w3.org/2001/XMLSchema-instance"
    xsi:schemaLocation="http://www.loc.gov/MARC21/slim http://www.loc.gov/standards/marcxml/schema/MARC21slim.xsd"
    xmlns="http://www.loc.gov/MARC21/slim">

  <leader>01237cam a22003135a 4500</leader>
  <controlfield tag="003">OSt</controlfield>
  <controlfield tag="005">20201124142105.0</controlfield>
  <controlfield tag="008">100808s2006    ua  |||fr000  001 0dara d</controlfield>
  <datafield tag="020" ind1=" " ind2=" ">
    <subfield code="a">9770914614 &#x62C;1</subfield>
  </datafield>
  <datafield tag="020" ind1=" " ind2=" ">
    <subfield code="a">9770914606 &#x62C;2</subfield>
  </datafield>
  <datafield tag="020" ind1=" " ind2=" ">
    <subfield code="a">9770914492 &#x62C;3</subfield>
  </datafield>
  <datafield tag="020" ind1=" " ind2=" ">
    <subfield code="a">9770914576 &#x62C;4</subfield>
  </datafield>
  <datafield tag="020" ind1=" " ind2=" ">
    <subfield code="a">9770914584 &#x62C;5</subfield>
  </datafield>
  <datafield tag="040" ind1=" " ind2=" ">
    <subfield code="a">EG-ScBUE </subfield>
    <subfield code="b">ara</subfield>
    <subfield code="c">EG-ScBUE </subfield>
  </datafield>
  <datafield tag="082" ind1="0" ind2="4">
    <subfield code="a">297.272</subfield>
    <subfield code="b">&#x639; &#x628; &#x62F;</subfield>
    <subfield code="2">22</subfield>
  </datafield>
  <datafield tag="100" ind1="1" ind2=" ">
    <subfield code="a">&#x639;&#x628;&#x62F;&#x647;&#x60C; &#x645;&#x62D;&#x645;&#x62F;</subfield>
    <subfield code="9">16691</subfield>
  </datafield>
  <datafield tag="245" ind1=" " ind2=" ">
    <subfield code="a">&#x627;&#x644;&#x623;&#x639;&#x645;&#x627;&#x644; &#x627;&#x644;&#x643;&#x627;&#x645;&#x644;&#x629; &#x644;&#x644;&#x625;&#x645;&#x627;&#x645; &#x627;&#x644;&#x634;&#x64A;&#x62E; &#x645;&#x62D;&#x645;&#x62F; &#x639;&#x628;&#x62F;&#x647; /</subfield>
    <subfield code="c">&#x645;&#x62D;&#x645;&#x62F; &#x639;&#x628;&#x62F;&#x647;&#x61B; &#x62A;&#x62D;&#x642;&#x64A;&#x642; &#x648;&#x62A;&#x642;&#x62F;&#x64A;&#x645; &#x645;&#x62D;&#x645;&#x62F; &#x639;&#x645;&#x627;&#x631;&#x629;</subfield>
  </datafield>
  <datafield tag="250" ind1=" " ind2=" ">
    <subfield code="a">&#x637; 2</subfield>
  </datafield>
  <datafield tag="260" ind1=" " ind2=" ">
    <subfield code="a">&#x627;&#x644;&#x642;&#x627;&#x647;&#x631;&#x629;:</subfield>
    <subfield code="b">&#x62F;&#x627;&#x631; &#x627;&#x644;&#x634;&#x631;&#x648;&#x642;&#x60C;</subfield>
    <subfield code="c">2006.</subfield>
  </datafield>
  <datafield tag="300" ind1=" " ind2=" ">
    <subfield code="a">5 &#x645;&#x62C;&#x61B;</subfield>
    <subfield code="c">25 &#x633;&#x645;</subfield>
  </datafield>
  <datafield tag="500" ind1=" " ind2=" ">
    <subfield code="a">&#x64A;&#x634;&#x62A;&#x645;&#x644; &#x639;&#x644;&#x649; &#x641;&#x647;&#x627;&#x631;&#x633; .</subfield>
  </datafield>
  <datafield tag="504" ind1=" " ind2=" ">
    <subfield code="a">&#x64A;&#x634;&#x62A;&#x645;&#x644; &#x639;&#x644;&#x649; &#x625;&#x631;&#x62C;&#x627;&#x639;&#x627;&#x62A; &#x628;&#x628;&#x644;&#x64A;&#x648;&#x62C;&#x631;&#x627;&#x641;&#x64A;&#x629; </subfield>
  </datafield>
  <datafield tag="505" ind1=" " ind2=" ">
    <subfield code="a">&#x62C;1&#x60C; &#x641;&#x64A; &#x627;&#x644;&#x643;&#x62A;&#x627;&#x628;&#x627;&#x62A; &#x627;&#x644;&#x633;&#x64A;&#x627;&#x633;&#x64A;&#x629; -- &#x62C;2&#x60C; &#x641;&#x64A; &#x627;&#x644;&#x643;&#x62A;&#x627;&#x628;&#x627;&#x62A; &#x627;&#x644;&#x627;&#x62C;&#x62A;&#x645;&#x627;&#x639;&#x64A;&#x629; -- &#x62C;3&#x60C; &#x627;&#x644;&#x625;&#x635;&#x644;&#x627;&#x62D; &#x627;&#x644;&#x641;&#x643;&#x631;&#x64A; &#x648;&#x627;&#x644;&#x62A;&#x631;&#x628;&#x648;&#x64A; &#x648;&#x627;&#x644;&#x625;&#x644;&#x647;&#x64A;&#x627;&#x62A; -- &#x62C;5&#x60C;4&#x60C; &#x62A;&#x641;&#x633;&#x64A;&#x631; &#x627;&#x644;&#x642;&#x631;&#x621;&#x627;&#x646;</subfield>
  </datafield>
  <datafield tag="590" ind1=" " ind2=" ">
    <subfield code="a">doaa mohamed</subfield>
  </datafield>
  <datafield tag="650" ind1=" " ind2=" ">
    <subfield code="a">&#x627;&#x644;&#x625;&#x635;&#x644;&#x627;&#x62D; &#x627;&#x644;&#x625;&#x62C;&#x62A;&#x645;&#x627;&#x639;&#x64A;</subfield>
    <subfield code="9">20615</subfield>
    <subfield code="2">BUEsh</subfield>
  </datafield>
  <datafield tag="651" ind1=" " ind2=" ">
    <subfield code="2">BUEsh</subfield>
  </datafield>
  <datafield tag="653" ind1=" " ind2=" ">
    <subfield code="b">ARALIT</subfield>
    <subfield code="c">August2015</subfield>
  </datafield>
  <datafield tag="942" ind1=" " ind2=" ">
    <subfield code="c">BB</subfield>
    <subfield code="k">297.272 &#x639; &#x628; &#x62F;</subfield>
    <subfield code="2">ddc</subfield>
  </datafield>
  <datafield tag="999" ind1=" " ind2=" ">
    <subfield code="c">7860</subfield>
    <subfield code="d">7860</subfield>
  </datafield>
  <datafield tag="952" ind1=" " ind2=" ">
    <subfield code="0">0</subfield>
    <subfield code="1">0</subfield>
    <subfield code="2">ddc</subfield>
    <subfield code="3">Lost_In_Inventory_11-6-2024</subfield>
    <subfield code="4">0</subfield>
    <subfield code="7">0</subfield>
    <subfield code="8"> </subfield>
    <subfield code="a">MAIN</subfield>
    <subfield code="b">MAIN</subfield>
    <subfield code="c">LOW</subfield>
    <subfield code="d">2010-08-08</subfield>
    <subfield code="e">purchase</subfield>
    <subfield code="o">297.272  &#x639; &#x628; &#x62F;</subfield>
    <subfield code="p">000009673</subfield>
    <subfield code="r">2025-07-15 00:00:00</subfield>
    <subfield code="y">BB</subfield>
    <subfield code="z">&#x62C; 1</subfield>
  </datafield>
  <datafield tag="952" ind1=" " ind2=" ">
    <subfield code="0">0</subfield>
    <subfield code="1">0</subfield>
    <subfield code="2">ddc</subfield>
    <subfield code="4">0</subfield>
    <subfield code="7">0</subfield>
    <subfield code="8"> </subfield>
    <subfield code="a">MAIN</subfield>
    <subfield code="b">MAIN</subfield>
    <subfield code="c">LOW</subfield>
    <subfield code="d">2010-08-08</subfield>
    <subfield code="e">purchase</subfield>
    <subfield code="o">297.272  &#x639; &#x628; &#x62F;</subfield>
    <subfield code="p">000009672</subfield>
    <subfield code="r">2025-07-15 00:00:00</subfield>
    <subfield code="y">BB</subfield>
    <subfield code="z">&#x62C; 2</subfield>
  </datafield>
  <datafield tag="952" ind1=" " ind2=" ">
    <subfield code="0">0</subfield>
    <subfield code="1">0</subfield>
    <subfield code="2">ddc</subfield>
    <subfield code="4">0</subfield>
    <subfield code="7">0</subfield>
    <subfield code="8"> </subfield>
    <subfield code="a">MAIN</subfield>
    <subfield code="b">MAIN</subfield>
    <subfield code="c">LOW</subfield>
    <subfield code="d">2010-08-08</subfield>
    <subfield code="e">purchase</subfield>
    <subfield code="o">297.272  &#x639; &#x628; &#x62F;</subfield>
    <subfield code="p">000009671</subfield>
    <subfield code="r">2025-07-15 00:00:00</subfield>
    <subfield code="y">BB</subfield>
    <subfield code="z">&#x62C; 3</subfield>
  </datafield>
  <datafield tag="952" ind1=" " ind2=" ">
    <subfield code="0">0</subfield>
    <subfield code="1">0</subfield>
    <subfield code="2">ddc</subfield>
    <subfield code="4">0</subfield>
    <subfield code="7">0</subfield>
    <subfield code="8"> </subfield>
    <subfield code="a">MAIN</subfield>
    <subfield code="b">MAIN</subfield>
    <subfield code="c">LOW</subfield>
    <subfield code="d">2010-08-08</subfield>
    <subfield code="e">purchase</subfield>
    <subfield code="o">297.272  &#x639; &#x628; &#x62F;</subfield>
    <subfield code="p">000009669</subfield>
    <subfield code="r">2025-07-15 00:00:00</subfield>
    <subfield code="y">BB</subfield>
    <subfield code="z">&#x62C; 5</subfield>
  </datafield>
  <datafield tag="952" ind1=" " ind2=" ">
    <subfield code="0">0</subfield>
    <subfield code="1">0</subfield>
    <subfield code="2">ddc</subfield>
    <subfield code="4">0</subfield>
    <subfield code="7">0</subfield>
    <subfield code="8"> </subfield>
    <subfield code="a">MAIN</subfield>
    <subfield code="b">MAIN</subfield>
    <subfield code="c">LOW</subfield>
    <subfield code="d">2011-09-11</subfield>
    <subfield code="e">purchase</subfield>
    <subfield code="o">297.272  &#x639; &#x628; &#x62F;</subfield>
    <subfield code="p">000009670</subfield>
    <subfield code="r">2025-07-15 00:00:00</subfield>
    <subfield code="y">BB</subfield>
    <subfield code="z">&#x62C; 4</subfield>
  </datafield>
</record>
